Using Information Technology : A Practical Introduction to Computers & Communications (Record no. 4866)
[ view plain ]
| 005 - DATE AND TIME OF LATEST TRANSACTION | |
|---|---|
| control field | 20250624131709.0 |
| 020 ## - INTERNATIONAL STANDARD BOOK NUMBER | |
| International Standard Book Number | 0-07-288290-5 |
| 082 ## - DEWEY DECIMAL CLASSIFICATION NUMBER | |
| Classification number | 004 SAW |
| 100 ## - MAIN ENTRY--PERSONAL NAME | |
| Author name | SAWYER, C. S |
| 245 ## - TITLE STATEMENT | |
| Title | Using Information Technology : A Practical Introduction to Computers & Communications |
| 260 ## - PUBLICATION, DISTRIBUTION, ETC. | |
| Place of publication, distribution, etc. | New York |
| Name of publisher, distributor, etc. | McGraw-Hill Irwin |
| Date of publication, distribution, etc. | 2005. |
| 300 ## - PHYSICAL DESCRIPTION | |
| Extent | xxi,304p.: ill.; figures, pictures |
| Other physical details | Appendix, Index |
| Dimensions | 27cm |
| 700 ## - ADDED ENTRY--PERSONAL NAME | |
| Other authors/Editors | Brian K. Williams |
| 942 ## - ADDED ENTRY ELEMENTS (KOHA) | |
| Source of classification or shelving scheme | Dewey Decimal Classification |
| Koha item type | Books |
| Date last seen | Total checkouts | Full call number | Barcode | Cost, replacement price | Price effective from | Koha item type | Lost status | Source of classification or shelving scheme | Damaged status | Not for loan | Withdrawn status | Home library | Current library | Shelving location | Date acquired | Source of acquisition | Cost, normal purchase price |
|---|---|---|---|---|---|---|---|---|---|---|---|---|---|---|---|---|---|
| 06/24/2025 | 004 SAW | MZA0001876 | 30000.00 | 06/24/2025 | Books | Dewey Decimal Classification | CBE Mwanza | CBE Mwanza | General Collection | 06/02/2015 | Library Budget | 10000.00 | |||||
| 06/24/2025 | 004 SAW | MZA0001877 | 30000.00 | 06/24/2025 | Books | Dewey Decimal Classification | CBE Mwanza | CBE Mwanza | General Collection | 06/02/2015 | Library Budget | 10000.00 |
